|
|
|
|
| LEADER |
00000cam a2200000 7i4500 |
| 001 |
0000093708 |
| 005 |
20071224.0 |
| 020 |
|
|
|a 9679426424
|
| 090 |
0 |
0 |
|a 899.233309928
|b ROS
|
| 100 |
0 |
|
|a Rosnah Baharudin
|
| 245 |
1 |
0 |
|a Wacana wanita Melayu dan sastera
|c Rosnah Baharudin
|
| 260 |
|
|
|a Bangi :
|b Penerbit Universiti Kebangsaan Malaysia ,
|c 2003
|
| 300 |
|
|
|a 333p. ;
|c 24cm.
|
| 650 |
0 |
0 |
|a Malay fiction
|x Women authors
|x History and criticism
|
| 650 |
0 |
0 |
|a Male authors, Malay
|z Malaysia
|
| 650 |
0 |
0 |
|a Women and literature
|x History and criticism
|z Malaysia
|
| 650 |
0 |
0 |
|a Women authors, Malay
|z Malaysia
|
| 650 |
0 |
0 |
|a Women in literature
|
| 999 |
|
|
|a 00184830
|b BUKU
|c MALAYSIANA
|e PERPUSTAKAAN KOMUNITI PETALING JAYA
|